000
00342nam a2200145Ia 4500
008
150301s2013 xx 000 0 und d
082
_a
618.92
_b
P13C
100
_a
CHAKARABARTI, KAMALENDRA
245
_a
PEDIATRIC NEUROLOGY
250
_a
2ND
260
_b
JAYPEE
_a
DELHI
_c
2013
300
_a
504
650
_a
PEDIATRICS
942
_2
ddc
_c
BK
_0
1
999
_c
6551
_d
6551